000 00500nam a22001817a 4500
005 20230403134000.0
008 230329b |||||||| |||| 00| 0 eng d
020 _a978-0-367-89489-4
041 _aeng
082 _a615.1 SHA-G
100 _aSHARGEL ,LEON AND KANFER, ISADORE
_97672
245 _aGENERIC DRUG PRODUCT DEVELOPMENTSOLID ORAL DOSAGE FORMS
250 _a2nd ed.
260 _bCBS PUBLISHERS & DISTRIBUTORS
300 _a365;P.
650 _aPHARMACY
_xB.PHARMA
_97673
942 _cBK
999 _c8247
_d8245